[Event "Stay Safe Play From Home 225"]
[Site "T#646783Emanuel Laske"]
[Date "2020.06.14"]
[Round "3"]
[White "Lucknow"]
[Black "Haxhi Baha"]
[Result "1-0"]
[WhiteElo "1791"]
[BlackElo "1938"]
[Annotator "RC"]
[PlyCount "33"]
[EventDate "2020.06.14"]
[EventType "swiss (blitz)"]

1. d4 {[%emt 0:00:02]} d5 {[%emt 0:00:01]} 2. c4 {[%emt 0:00:01]} e5 {[%emt 0:00:01]} 3. dxe5 {[%emt 0:00:02]} d4 {[%emt 0:00:00]} 4. Nf3 {[%emt 0:00:01]} Nc6 {[%emt 0:00:00]} 5. g3 {[%emt 0:00:01]} Nge7 {[%emt 0:00:01]} 6. Bg2 {[%emt 0:00:01]} Ng6 {[%emt 0:00:00]} 7. O-O {[%emt 0:00:02]} Bg4 {[%emt 0:00:03]} 8. Nbd2 {[%emt 0:00:01]} Qd7 {[%emt 0:00:01]} 9. Qa4 {[%emt 0:00:02]} O-O-O {[%emt 0:00:04]} 10. a3 {[%emt 0:00:01]} Bh3 {[%emt 0:00:01]} 11. b4 {[%emt 0:00:02]} Bxg2 {[%emt 0:00:02]} 12. Kxg2 {[%emt 0:00:00]} Qg4 {[%emt 0:00:05]} 13. b5 {[%emt 0:00:07]} Ncxe5 {[%emt 0:00:11]} 14. Qxa7 {[%emt 0:00:02]} Nf4+ {[%emt 0:00:03]} 15. Kh1 {[%emt 0:00:03]} Nxe2 {[%emt 0:00:32]} 16. Qa8+ {[%emt 0:00:12]} Kd7 {[%emt 0:00:01]} 17. Nxe5+ {[%emt 0:00:01] Haxhi Baha resigns (Lag: Av=0.61s, max=0.9s)} 1-0

[Event "Stay Safe Play From Home 225"]
[Site "T#646783Emanuel Laske"]
[Date "2020.06.14"]
[Round "3"]
[White "Edmatuag"]
[Black "little champs"]
[Result "0-1"]
[WhiteElo "1663"]
[BlackElo "2109"]
[Annotator "TA"]
[PlyCount "74"]
[EventDate "2020.06.14"]
[EventType "swiss (blitz)"]

{[%evp 9,74,55,56,50,51,39,55,9,49,16,29,-25,-25,-43,-38,-29,-17,-45,-10,-6,0,-20,39,-35,78,71,204,-94,-106,-250,-268,-562,-31,-29,-43,-35,-31,-29,-18,-15,-16,-54,-38,-66,-65,-62,-50,-42,-25,-52,-32,-47,0,0,591,579,628,620,605,579,572,572,568,561,741,752,693]} 1. d4 Nf6 2. e3 c5 3. c4 e6 4. Nc3 Be7 5. d5 d6 6. Bd3 {A56: Czech Benoni.} O-O 7. Nf3 {[#]} a6 $146 ({Predecessor:} 7... e5 8. Qc2 g6 9. h3 Kg7 10. Rg1 Na6 11. a3 Nc7 12. b3 b5 13. Bb2 Rb8 14. Nd2 bxc4 15. bxc4 {1-0 (52) Moiseenko,V (2522)-Burtasova,A (2276) Sochi 2018}) 8. dxe6 {White is slightly better.} fxe6 9. Qc2 d5 10. cxd5 (10. b3 $142) 10... exd5 $11 11. O-O Nc6 12. a3 Bg4 13. Be2 d4 14. exd4 cxd4 15. Rd1 Qb6 (15... Qd7 $11) 16. Ne4 ({White should try} 16. Na4 $14 Qa7 17. h3) 16... Rac8 (16... Nxe4 $15 {stays ahead.} 17. Qxe4 {[%mdl 64] Double Attack} Bf5 18. Qd5+ Kh8) 17. Nxf6+ $16 Bxf6 {[#]} (17... Rxf6 $16 {was called for.} 18. Ng5 Bf5 19. Qc4+ Kh8) 18. Qc4+ $2 (18. Ng5 $1 $18 Bxg5 19. Bxg4) 18... Kh8 $17 19. Rb1 (19. Qd3 $17) 19... Ne5 $19 20. Qd5 $2 (20. Qb4 Qxb4 21. axb4) 20... Rfd8 $2 (20... Rc5 $19 21. Qe4 Nxf3+ 22. Bxf3 Bf5 {[%mdl 64] Skewer} 23. Qxb7 Qxb7 24. Bxb7 Bxb1) 21. Qe4 $15 Nxf3+ 22. Bxf3 Bxf3 23. Qxf3 Rc2 24. Qd3 Rdc8 25. b4 R8c3 26. Qe4 {[%cal Re4e8] [#]} Qc6 27. Qxc6 bxc6 28. Bb2 Rb3 29. Ba1 Rxb1 30. Rxb1 d3 {And now ...d2 would win.} 31. Bxf6 $11 {[%mdl 4096] Endgame KRB-KR} d2 $2 {[%mdl 8192]} (31... gxf6 $11 32. Kf1 Kg7) 32. Bg5 $18 {White is clearly winning.} h6 33. Be3 Ra2 34. Rd1 Rxa3 35. Bxd2 Rd3 36. Kf1 Rd4 37. Ke2 Re4+ {[%mdl 32768] White used his chance. Accuracy: White = 51%, Black = 46%. . Loss on time!?} 0-1

[Event "Stay Safe Play From Home 225"]
[Site "T#646783Emanuel Laske"]
[Date "2020.06.14"]
[Round "3"]
[White "Germanicus G"]
[Black "Haris kollari 13"]
[Result "1-0"]
[WhiteElo "1477"]
[BlackElo "1856"]
[Annotator "NA RC"]
[PlyCount "69"]
[EventDate "2020.06.14"]
[EventType "swiss (blitz)"]

1. Nf3 {[%emt 0:00:03]} e6 {[%emt 0:00:01]} 2. c4 {[%emt 0:00:02]} b6 {[%emt 0:00:01]} 3. g3 {[%emt 0:00:02]} Bb7 {[%emt 0:00:00]} 4. Bg2 {[%emt 0:00:01]} Nc6 {[%emt 0:00:01]} 5. d4 {[%emt 0:00:02]} Nxd4 {[%emt 0:00:02]} 6. Qxd4 {[%emt 0:00:03]} Nf6 {[%emt 0:00:06]} 7. O-O {[%emt 0:00:02]} Bc5 {[%emt 0:00:02]} 8. Qd1 {[%emt 0:00:05]} O-O {[%emt 0:00:01]} 9. Nc3 {[%emt 0:00:03]} Rb8 {[%emt 0:00:03]} 10. Bg5 {[%emt 0:00:02]} h6 {[%emt 0:00:01]} 11. Bxf6 {[%emt 0:00:05]} gxf6 {[%emt 0:00:03]} 12. Qd2 {[%emt 0:00:04]} Kh7 {[%emt 0:00:02]} 13. b3 {[%emt 0:00:03]} Be7 {[%emt 0:00:05]} 14. e3 {[%emt 0:00:02]} d6 {[%emt 0:00:01]} 15. Qc2+ {[%emt 0:00:04]} f5 {[%emt 0:00:01]} 16. Rad1 {[%emt 0:00:01]} Bf6 {[%emt 0:00:01]} 17. Nb5 {[%emt 0:00:08]} a6 {[%emt 0:00:02]} 18. Nbd4 {[%emt 0:00:01]} Qe7 {[%emt 0:00:03]} 19. Rfe1 {[%emt 0:00:05]} Rg8 {[%emt 0:00:03]} 20. Nd2 {[%emt 0:00:03]} Bxg2 {[%emt 0:00:03]} 21. Kxg2 {[%emt 0:00:00]} c5 {[%emt 0:00:03]} 22. N4f3 {[%emt 0:00:02]} h5 {[%emt 0:00:04]} 23. e4 {[%emt 0:00:02]} e5 {[%emt 0:00:13]} 24. exf5 {[%emt 0:00:03]} Qb7 {[%emt 0:00:02]} 25. Ne4 {[%emt 0:00:02]} Be7 {[%emt 0:00:03]} 26. f6 {[%emt 0:00:03]} d5 {[%emt 0:00:06]} 27. cxd5 {[%emt 0:00:05]} Kh8 {[%emt 0:00:08]} 28. fxe7 {[%emt 0:00:02]} Qa7 {[%emt 0:00:01]} 29. d6 {[%emt 0:00:01]} h4 {[%emt 0:00:05]} 30. Nxh4 {[%emt 0:00:03]} f5 {[%emt 0:00:02]} 31. Nxf5 {[%emt 0:00:02]} Qd7 {[%emt 0:00:02]} 32. Ne3 {[%emt 0:00:02]} Qe6 {[%emt 0:00:07]} 33. Qc4 {[%emt 0:00:04]} Rg6 {[%emt 0:00:05]} 34. Qxe6 {[%emt 0:00:02]} Rxg3+ {[%emt 0:00:02]} 35. hxg3 {[%emt 0:00:02] Haris kollari 13 resigns (Lag: Av=0.35s, max=0.7s)} 1-0

[Event "Stay Safe Play From Home 225"]
[Site "T#646783Emanuel Laske"]
[Date "2020.06.14"]
[Round "4"]
[White "Lazieri3"]
[Black "little champs"]
[Result "1-0"]
[WhiteElo "2125"]
[BlackElo "2111"]
[Annotator "TA"]
[PlyCount "27"]
[EventDate "2020.06.14"]
[EventType "swiss (blitz)"]

{[%evp 9,27,-14,-10,-19,-14,-32,-10,-19,60,0,8,-204,397,395,29995,29996,29996,29997,29997,29998]} 1. e4 c5 2. Nc3 d6 3. d3 Nc6 4. Nf3 Nf6 5. Be3 g6 6. Qd2 {B50: Sicilian: 2...d6, Miscellaneous.} Bg7 7. Bh6 O-O 8. h4 {[#] The position is equal.} d5 $146 (8... Bg4 $11) ({Predecessor:} 8... Bg4 9. Be2 a6 10. Nd5 Nxd5 11. exd5 Na7 12. h5 e6 13. hxg6 Qf6 14. Bxg7 Qxg7 15. Rxh7 Qxg6 16. Rh6 Qg7 17. O-O-O Bf5 18. dxe6 fxe6 19. Rdh1 {1-0 (19) Pulido,D (2011)-Velasco,L (1664) Ibague 2017}) 9. h5 ({White should try} 9. Bxg7 $14 Kxg7 10. exd5) 9... dxe4 {[#] Threatens to win with ...Bxh6.} 10. hxg6 $2 (10. Bxg7 $11 {and White has nothing to worry.} Kxg7 11. Ng5 (11. Nxe4 Nxe4 12. h6+ Kg8 $11)) 10... exf3 $4 {[%mdl 8192]} (10... Bxh6 $19 11. Qxh6 exf3 12. gxh7+ Kh8 13. gxf3 Nd4) 11. gxh7+ $18 Kh8 $2 (11... Nxh7 $18 12. Bxg7 Bf5) 12. Bxg7+ {White mates.} Kxg7 {[#]} 13. h8=Q+ $1 {[%mdl 576] Back Rank} Rxh8 14. Qg5+ {[%mdl 64] Double Attack. Accuracy: White = 58%, Black = 19%.} 1-0

[Event "Stay Safe Play From Home 225"]
[Site "T#646783Emanuel Laske"]
[Date "2020.06.14"]
[Round "4"]
[White "Don59as"]
[Black "Indianquant"]
[Result "0-1"]
[WhiteElo "2034"]
[BlackElo "2337"]
[Annotator "NA RC"]
[PlyCount "64"]
[EventDate "2020.06.14"]
[EventType "swiss (blitz)"]

1. c4 {[%emt 0:00:02]} e5 {[%emt 0:00:01]} 2. Nc3 {[%emt 0:00:03]} Bb4 {[%emt 0:00:01]} 3. Nd5 {[%emt 0:00:01]} Bc5 {[%emt 0:00:00]} 4. e4 {[%emt 0:00:01]} Nc6 {[%emt 0:00:01]} 5. g3 {[%emt 0:00:01]} Nf6 {[%emt 0:00:01]} 6. Bg2 {[%emt 0:00:01]} d6 {[%emt 0:00:01]} 7. Ne2 {[%emt 0:00:01]} Bg4 {[%emt 0:00:07]} 8. h3 {[%emt 0:00:05]} Bxe2 {[%emt 0:00:01]} 9. Qxe2 {[%emt 0:00:01]} Nxd5 {[%emt 0:00:01]} 10. cxd5 {[%emt 0:00:07]} Nd4 {[%emt 0:00:01]} 11. Qd1 {[%emt 0:00:01]} O-O {[%emt 0:00:01]} 12. g4 {[%emt 0:00:22]} c6 {[%emt 0:00:18]} 13. dxc6 {[%emt 0:00:03]} bxc6 {[%emt 0:00:00]} 14. O-O {[%emt 0:00:02]} Rb8 {[%emt 0:00:19]} 15. b3 {[%emt 0:00:12]} h6 {[%emt 0:00:11]} 16. d3 {[%emt 0:00:03]} Qa5 {[%emt 0:00:19]} 17. Be3 {[%emt 0:00:10]} Rb7 {[%emt 0:00:01]} 18. g5 {[%emt 0:00:34]} hxg5 {[%emt 0:00:10]} 19. Bxg5 {[%emt 0:00:03]} Re8 {[%emt 0:00:25]} 20. Kh1 {[%emt 0:00:20]} Re6 {[%emt 0:00:08]} 21. f4 {[%emt 0:00:07]} Rg6 {[%emt 0:00:13]} 22. Qh5 {[%emt 0:00:09]} Ne6 {[%emt 0:00:14]} 23. h4 {[%emt 0:00:21]} Nxf4 {[%emt 0:00:11]} 24. Bxf4 {[%emt 0:00:16]} exf4 {[%emt 0:00:00]} 25. Rxf4 {[%emt 0:00:21]} Qd2 {[%emt 0:00:01]} 26. Rg4 {[%emt 0:00:09]} Bd4 {[%emt 0:00:26]} 27. Rf1 {[%emt 0:00:25]} Rb5 {[%emt 0:00:01]} 28. Rg5 {[%emt 0:00:13]} Bf6 {[%emt 0:00:02]} 29. e5 {[%emt 0:00:16]} Rxe5 {[%emt 0:00:02]} 30. Rxf6 {[%emt 0:00:06]} Rexg5 {[%emt 0:00:10]} 31. hxg5 {[%emt 0:00:10]} gxf6 {[%emt 0:00:01]} 32. Be4 {[%emt 0:00:04]} Rxg5 {[%emt 0:00:09] Time (Lag: Av=0.91s, max=1.9s)} 0-1

[Event "Stay Safe Play From Home 225"]
[Site "T#646783Emanuel Laske"]
[Date "2020.06.14"]
[Round "4"]
[White "Sfantul321"]
[Black "Lucknow"]
[Result "1-0"]
[WhiteElo "1970"]
[BlackElo "1815"]
[Annotator "NA RC"]
[PlyCount "39"]
[EventDate "2020.06.14"]
[EventType "swiss (blitz)"]

1. c4 {[%emt 0:00:02]} c6 {[%emt 0:00:03]} 2. Nc3 {[%emt 0:00:01]} d5 {[%emt 0:00:01]} 3. d4 {[%emt 0:00:01]} Nf6 {[%emt 0:00:02]} 4. Bg5 {[%emt 0:00:02]} Nbd7 {[%emt 0:00:02]} 5. Nf3 {[%emt 0:00:01]} e6 {[%emt 0:00:01]} 6. e3 {[%emt 0:00:01]} Be7 {[%emt 0:00:01]} 7. c5 {[%emt 0:00:01]} O-O {[%emt 0:00:04]} 8. Bd3 {[%emt 0:00:01]} b6 {[%emt 0:00:13]} 9. b4 {[%emt 0:00:02]} a5 {[%emt 0:00:01]} 10. a3 {[%emt 0:00:01]} e5 {[%emt 0:00:04]} 11. dxe5 {[%emt 0:00:03]} Ng4 {[%emt 0:00:09]} 12. Bf4 {[%emt 0:00:04]} axb4 {[%emt 0:00:04]} 13. axb4 {[%emt 0:00:02]} Rxa1 {[%emt 0:00:01]} 14. Qxa1 {[%emt 0:00:01]} bxc5 {[%emt 0:00:01]} 15. b5 {[%emt 0:00:14]} c4 {[%emt 0:00:09]} 16. Bc2 {[%emt 0:00:13]} cxb5 {[%emt 0:00:03]} 17. Nxd5 {[%emt 0:00:03]} Ndxe5 {[%emt 0:00:13]} 18. Nxe7+ {[%emt 0:00:04]} Qxe7 {[%emt 0:00:02]} 19. Nxe5 {[%emt 0:00:01]} Nxe5 {[%emt 0:00:01]} 20. Bxe5 {[%emt 0:00:01] Lucknow gibt auf (Lag: Av=0.24s, max=0.3s)} 1-0

[Event "Stay Safe Play From Home 225"]
[Site "T#646783Emanuel Laske"]
[Date "2020.06.14"]
[Round "4"]
[White "Dukic"]
[Black "Germanicus G"]
[Result "1-0"]
[WhiteElo "1843"]
[BlackElo "1508"]
[Annotator "NA RC"]
[PlyCount "95"]
[EventDate "2020.06.14"]
[EventType "swiss (blitz)"]

1. c4 {[%emt 0:00:10]} e6 {[%emt 0:00:01]} 2. Nc3 {[%emt 0:00:02]} Nf6 {[%emt 0:00:00]} 3. Nf3 {[%emt 0:00:01]} Bb4 {[%emt 0:00:01]} 4. Qb3 {[%emt 0:00:02]} Nc6 {[%emt 0:00:03]} 5. a3 {[%emt 0:00:03]} Bxc3 {[%emt 0:00:06]} 6. Qxc3 {[%emt 0:00:02]} O-O {[%emt 0:00:03]} 7. d3 {[%emt 0:00:04]} d5 {[%emt 0:00:01]} 8. b3 {[%emt 0:00:04]} d4 {[%emt 0:00:03]} 9. Qb2 {[%emt 0:00:10]} e5 {[%emt 0:00:01]} 10. b4 {[%emt 0:00:06]} Re8 {[%emt 0:00:02]} 11. b5 {[%emt 0:00:14]} Nb8 {[%emt 0:00:05]} 12. Bg5 {[%emt 0:00:06]} c5 {[%emt 0:00:02]} 13. Nd2 {[%emt 0:00:03]} b6 {[%emt 0:00:04]} 14. Ne4 {[%emt 0:00:07]} Nbd7 {[%emt 0:00:04]} 15. Nd6 {[%emt 0:00:04]} Re6 {[%emt 0:00:02]} 16. Nxc8 {[%emt 0:00:04]} Rxc8 {[%emt 0:00:02]} 17. g3 {[%emt 0:00:01]} h6 {[%emt 0:00:05]} 18. Bxf6 {[%emt 0:00:10]} Nxf6 {[%emt 0:00:02]} 19. Bh3 {[%emt 0:00:01]} e4 {[%emt 0:00:05]} 20. Bxe6 {[%emt 0:00:02]} fxe6 {[%emt 0:00:01]} 21. O-O {[%emt 0:00:01]} e5 {[%emt 0:00:04]} 22. Qc2 {[%emt 0:00:07]} exd3 {[%emt 0:00:23]} 23. exd3 {[%emt 0:00:02]} Qd6 {[%emt 0:00:04]} 24. Rae1 {[%emt 0:00:02]} Re8 {[%emt 0:00:01]} 25. f3 {[%emt 0:00:03]} Kf7 {[%emt 0:00:02]} 26. Re2 {[%emt 0:00:01]} Rf8 {[%emt 0:00:08]} 27. Rfe1 {[%emt 0:00:02]} Nd7 {[%emt 0:00:01]} 28. Re4 {[%emt 0:00:08]} Kg8 {[%emt 0:00:02]} 29. Kg2 {[%emt 0:00:01]} Qf6 {[%emt 0:00:03]} 30. Qe2 {[%emt 0:00:03]} Qf5 {[%emt 0:00:05]} 31. f4 {[%emt 0:00:02]} exf4 {[%emt 0:00:11]} 32. Rxf4 {[%emt 0:00:01]} Qg6 {[%emt 0:00:03]} 33. Qe6+ {[%emt 0:00:09]} Qxe6 {[%emt 0:00:17]} 34. Rxe6 {[%emt 0:00:03]} Nf6 {[%emt 0:00:09]} 35. Re7 {[%emt 0:00:04]} Ra8 {[%emt 0:00:04]} 36. Rf2 {[%emt 0:00:36]} a6 {[%emt 0:00:04]} 37. a4 {[%emt 0:00:02]} axb5 {[%emt 0:00:02]} 38. axb5 {[%emt 0:00:01]} Ra3 {[%emt 0:00:03]} 39. Rf3 {[%emt 0:00:01]} Ra2+ {[%emt 0:00:04]} 40. Kh3 {[%emt 0:00:03]} Rd2 {[%emt 0:00:10]} 41. Rb7 {[%emt 0:00:02]} h5 {[%emt 0:00:20]} 42. Kh4 {[%emt 0:00:12]} Ng4 {[%emt 0:00:06]} 43. Rff7 {[%emt 0:00:08]} Rxh2+ {[%emt 0:00:22]} 44. Kg5 {[%emt 0:00:03]} Nf6 {[%emt 0:00:22]} 45. Rxg7+ {[%emt 0:00:01]} Kh8 {[%emt 0:00:03]} 46. Kxf6 {[%emt 0:00:01]} Rf2+ {[%emt 0:00:02]} 47. Kg6 {[%emt 0:00:03]} Rf8 {[%emt 0:00:09]} 48. Rh7+ {[%emt 0:00:01] Germanicus G gibt auf (Lag: Av=0.22s, max=0.8s)} 1-0

[Event "Stay Safe Play From Home 225"]
[Site "T#646783Emanuel Laske"]
[Date "2020.06.14"]
[Round "4"]
[White "Ako1983"]
[Black "Timbre"]
[Result "0-1"]
[WhiteElo "1832"]
[BlackElo "1659"]
[Annotator "NA RC"]
[PlyCount "66"]
[EventDate "2020.06.14"]
[EventType "swiss (blitz)"]

1. e4 {[%emt 0:00:03]} c6 {[%emt 0:00:02]} 2. d4 {[%emt 0:00:03]} d5 {[%emt 0:00:01]} 3. exd5 {[%emt 0:00:01]} cxd5 {[%emt 0:00:02]} 4. Bd3 {[%emt 0:00:00]} Nc6 {[%emt 0:00:02]} 5. c3 {[%emt 0:00:02]} Nf6 {[%emt 0:00:02]} 6. Nf3 {[%emt 0:00:04]} a6 {[%emt 0:00:02]} 7. O-O {[%emt 0:00:02]} Bg4 {[%emt 0:00:02]} 8. Bf4 {[%emt 0:00:06]} e6 {[%emt 0:00:01]} 9. Nbd2 {[%emt 0:00:02]} Bd6 {[%emt 0:00:03]} 10. Bg5 {[%emt 0:00:03]} Be7 {[%emt 0:00:02]} 11. h3 {[%emt 0:00:02]} Bh5 {[%emt 0:00:03]} 12. Re1 {[%emt 0:00:01]} O-O {[%emt 0:00:03]} 13. Nf1 {[%emt 0:00:01]} Bxf3 {[%emt 0:00:05]} 14. Qxf3 {[%emt 0:00:02]} b5 {[%emt 0:00:02]} 15. Re2 {[%emt 0:00:06]} Na5 {[%emt 0:00:03]} 16. Rae1 {[%emt 0:00:02]} Nc4 {[%emt 0:00:01]} 17. Nh2 {[%emt 0:00:02]} Nd6 {[%emt 0:00:03]} 18. Ng4 {[%emt 0:00:03]} Nde4 {[%emt 0:00:02]} 19. Bf4 {[%emt 0:00:11]} Nxg4 {[%emt 0:00:07]} 20. hxg4 {[%emt 0:00:03]} f5 {[%emt 0:00:06]} 21. gxf5 {[%emt 0:00:07]} Rxf5 {[%emt 0:00:03]} 22. Bxe4 {[%emt 0:00:07]} dxe4 {[%emt 0:00:02]} 23. Qxe4 {[%emt 0:00:03]} Rf6 {[%emt 0:00:03]} 24. Be5 {[%emt 0:00:04]} Rf8 {[%emt 0:00:03]} 25. Re3 {[%emt 0:00:04]} Bf6 {[%emt 0:00:02]} 26. Bg3 {[%emt 0:00:04]} Rc8 {[%emt 0:00:08]} 27. Qxe6+ {[%emt 0:00:05]} Kh8 {[%emt 0:00:01]} 28. Qxa6 {[%emt 0:00:06]} Ra8 {[%emt 0:00:03]} 29. Qxb5 {[%emt 0:00:03]} Rxa2 {[%emt 0:00:02]} 30. Be5 {[%emt 0:00:03]} Bxe5 {[%emt 0:00:02]} 31. Rxe5 {[%emt 0:00:02]} Qf6 {[%emt 0:00:03]} 32. R1e2 {[%emt 0:00:07]} Ra1+ {[%emt 0:00:06]} 33. Kh2 {[%emt 0:00:02]} Qh4# {[%emt 0:00:04] (Lag: Av=1.34s, max=3.6s)} 0-1

[Event "Stay Safe Play From Home 225"]
[Site "T#646783Emanuel Laske"]
[Date "2020.06.14"]
[Round "4"]
[White "Haris kollari 13"]
[Black "Klausen"]
[Result "0-1"]
[WhiteElo "1825"]
[BlackElo "2010"]
[Annotator "NA RC"]
[PlyCount "62"]
[EventDate "2020.06.14"]
[EventType "swiss (blitz)"]

1. e4 {[%emt 0:00:02]} e6 {[%emt 0:00:01]} 2. f4 {[%emt 0:00:01]} d5 {[%emt 0:00:01]} 3. e5 {[%emt 0:00:01]} c5 {[%emt 0:00:01]} 4. b3 {[%emt 0:00:01]} f6 {[%emt 0:00:01]} 5. c3 {[%emt 0:00:02]} fxe5 {[%emt 0:00:02]} 6. fxe5 {[%emt 0:00:01]} Nc6 {[%emt 0:00:02]} 7. Nf3 {[%emt 0:00:01]} Nge7 {[%emt 0:00:02]} 8. Bd3 {[%emt 0:00:02]} Nf5 {[%emt 0:00:04]} 9. Bxf5 {[%emt 0:00:03]} exf5 {[%emt 0:00:01]} 10. O-O {[%emt 0:00:01]} Be7 {[%emt 0:00:02]} 11. d4 {[%emt 0:00:01]} Be6 {[%emt 0:00:02]} 12. Kh1 {[%emt 0:00:07]} O-O {[%emt 0:00:02]} 13. Be3 {[%emt 0:00:01]} cxd4 {[%emt 0:00:04]} 14. cxd4 {[%emt 0:00:02]} Rc8 {[%emt 0:00:03]} 15. Nbd2 {[%emt 0:00:04]} Nb4 {[%emt 0:00:07]} 16. Bg1 {[%emt 0:00:03]} Qb6 {[%emt 0:00:11]} 17. a3 {[%emt 0:00:02]} Nc6 {[%emt 0:00:10]} 18. b4 {[%emt 0:00:02]} a5 {[%emt 0:00:04]} 19. Rb1 {[%emt 0:00:06]} axb4 {[%emt 0:00:02]} 20. axb4 {[%emt 0:00:01]} Qa7 {[%emt 0:00:19]} 21. b5 {[%emt 0:00:02]} Na5 {[%emt 0:00:04]} 22. b6 {[%emt 0:00:19]} Qb8 {[%emt 0:00:02]} 23. Qa4 {[%emt 0:00:02]} Nc4 {[%emt 0:00:02]} 24. Nxc4 {[%emt 0:00:01]} Rxc4 {[%emt 0:00:03]} 25. Qa7 {[%emt 0:00:01]} Qc8 {[%emt 0:00:06]} 26. Nd2 {[%emt 0:00:09]} Rc2 {[%emt 0:00:04]} 27. Nb3 {[%emt 0:00:02]} f4 {[%emt 0:00:11]} 28. Na5 {[%emt 0:00:10]} f3 {[%emt 0:00:04]} 29. g3 {[%emt 0:00:08]} Bh3 {[%emt 0:00:10]} 30. Rf2 {[%emt 0:00:12]} Bg2+ {[%emt 0:00:04]} 31. Rxg2 {[%emt 0:00:04]} fxg2# {[%emt 0:00:02] (Lag: Av=0.52s, max=1.0s) Haris kollari 13 resigns} 0-1

[Event "Stay Safe Play From Home 225"]
[Site "T#646783Emanuel Laske"]
[Date "2020.06.14"]
[Round "4"]
[White "Edmatuag"]
[Black "matanant"]
[Result "0-1"]
[WhiteElo "1660"]
[BlackElo "1806"]
[Annotator "NA RC"]
[PlyCount "96"]
[EventDate "2020.06.14"]
[EventType "swiss (blitz)"]

1. e4 {[%emt 0:00:04]} e5 {[%emt 0:00:04]} 2. Nf3 {[%emt 0:00:02]} d5 {[%emt 0:00:03]} 3. Nxe5 {[%emt 0:00:04]} Bd6 {[%emt 0:00:02]} 4. d4 {[%emt 0:00:02]} dxe4 {[%emt 0:00:01]} 5. Bf4 {[%emt 0:00:08]} Nf6 {[%emt 0:00:02]} 6. Nc3 {[%emt 0:00:04]} O-O {[%emt 0:00:07]} 7. Bc4 {[%emt 0:00:05]} Bf5 {[%emt 0:00:02]} 8. O-O {[%emt 0:00:07]} Nbd7 {[%emt 0:00:01]} 9. h3 {[%emt 0:00:07]} Nb6 {[%emt 0:00:03]} 10. Bb3 {[%emt 0:00:01]} h6 {[%emt 0:00:05]} 11. Qe2 {[%emt 0:00:05]} c6 {[%emt 0:00:13]} 12. Rfe1 {[%emt 0:00:17]} Nbd5 {[%emt 0:00:01]} 13. Bxd5 {[%emt 0:00:20]} cxd5 {[%emt 0:00:12]} 14. g4 {[%emt 0:00:04]} Be6 {[%emt 0:00:14]} 15. g5 {[%emt 0:00:04]} hxg5 {[%emt 0:00:06]} 16. Bxg5 {[%emt 0:00:01]} a6 {[%emt 0:00:34]} 17. Qe3 {[%emt 0:00:54]} Be7 {[%emt 0:00:08]} 18. Ne2 {[%emt 0:00:19]} Nd7 {[%emt 0:00:02]} 19. Bxe7 {[%emt 0:00:05]} Qxe7 {[%emt 0:00:02]} 20. Nxd7 {[%emt 0:00:34]} Qxd7 {[%emt 0:00:04]} 21. Nf4 {[%emt 0:00:04]} Bf5 {[%emt 0:00:06]} 22. Kh2 {[%emt 0:00:09]} Rac8 {[%emt 0:00:08]} 23. c3 {[%emt 0:00:02]} Rc6 {[%emt 0:00:02]} 24. Rg1 {[%emt 0:00:03]} Kh7 {[%emt 0:00:22]} 25. Rg5 {[%emt 0:00:07]} Rh6 {[%emt 0:00:04]} 26. Rag1 {[%emt 0:00:12]} g6 {[%emt 0:00:06]} 27. Qg3 {[%emt 0:00:11]} f6 {[%emt 0:00:07]} 28. Nxg6 {[%emt 0:00:21]} Rxh3+ {[%emt 0:00:03]} 29. Qxh3+ {[%emt 0:00:05]} Bxh3 {[%emt 0:00:03]} 30. Nxf8+ {[%emt 0:00:01]} Kh6 {[%emt 0:00:04]} 31. Rg6+ {[%emt 0:00:01]} Kh5 {[%emt 0:00:04]} 32. Nxd7 {[%emt 0:00:01]} Bxd7 {[%emt 0:00:02]} 33. Rxf6 {[%emt 0:00:04]} Bg4 {[%emt 0:00:54]} 34. Rf8 {[%emt 0:00:02]} Kh4 {[%emt 0:00:02]} 35. Rh8+ {[%emt 0:00:01]} Bh5 {[%emt 0:00:01]} 36. Rg3 {[%emt 0:00:03]} b5 {[%emt 0:00:04]} 37. Rh3+ {[%emt 0:00:01]} Kg4 {[%emt 0:00:02]} 38. R3xh5 {[%emt 0:00:00]} Kf3 {[%emt 0:00:01]} 39. Rxd5 {[%emt 0:00:00]} Kxf2 {[%emt 0:00:02]} 40. Rd6 {[%emt 0:00:00]} e3 {[%emt 0:00:01]} 41. Rxa6 {[%emt 0:00:00]} Ke2 {[%emt 0:00:00]} 42. Re8 {[%emt 0:00:01]} Kd2 {[%emt 0:00:01]} 43. Rae6 {[%emt 0:00:00]} Kd3 {[%emt 0:00:03]} 44. Rxe3+ {[%emt 0:00:01]} Kc4 {[%emt 0:00:00]} 45. d5 {[%emt 0:00:00]} Kxd5 {[%emt 0:00:01]} 46. Rd8+ {[%emt 0:00:01]} Kc4 {[%emt 0:00:00]} 47. Re4+ {[%emt 0:00:01]} Kc5 {[%emt 0:00:01]} 48. Rb4 {[%emt 0:00:01]} Kb6 {[%emt 0:00:00] Time (Lag: Av=0.79s, max=4.0s)} 0-1

[Event "Stay Safe Play From Home 225"]
[Site "T#646783Emanuel Laske"]
[Date "2020.06.14"]
[Round "4"]
[White "Tunca"]
[Black "BOODWUTCHER"]
[Result "1-0"]
[WhiteElo "1650"]
[BlackElo "1315"]
[Annotator "NA RC"]
[PlyCount "65"]
[EventDate "2020.06.14"]
[EventType "swiss (blitz)"]

1. e4 {[%emt 0:00:01]} d5 {[%emt 0:00:17]} 2. exd5 {[%emt 0:00:02]} Qxd5 {[%emt 0:00:02]} 3. Nf3 {[%emt 0:00:01]} Bg4 {[%emt 0:00:05]} 4. Be2 {[%emt 0:00:11]} c6 {[%emt 0:00:03]} 5. Nc3 {[%emt 0:00:02]} Qd8 {[%emt 0:00:02]} 6. d4 {[%emt 0:00:10]} Bxf3 {[%emt 0:00:01]} 7. Bxf3 {[%emt 0:00:01]} Nf6 {[%emt 0:00:01]} 8. Bg5 {[%emt 0:00:02]} e6 {[%emt 0:00:01]} 9. Qd3 {[%emt 0:00:08]} Nbd7 {[%emt 0:00:07]} 10. O-O {[%emt 0:00:04]} Be7 {[%emt 0:00:01]} 11. Rfe1 {[%emt 0:00:01]} O-O {[%emt 0:00:01]} 12. Rad1 {[%emt 0:00:05]} Nd5 {[%emt 0:00:01]} 13. Bxe7 {[%emt 0:00:03]} Nxe7 {[%emt 0:00:08]} 14. Ne4 {[%emt 0:00:06]} Nf6 {[%emt 0:00:03]} 15. Nc5 {[%emt 0:00:09]} Qc7 {[%emt 0:00:09]} 16. Qb3 {[%emt 0:00:14]} b6 {[%emt 0:00:02]} 17. Nd3 {[%emt 0:00:03]} Nf5 {[%emt 0:00:11]} 18. Ne5 {[%emt 0:00:03]} Nxd4 {[%emt 0:00:04]} 19. Rxd4 {[%emt 0:00:02]} Rad8 {[%emt 0:00:11]} 20. Rxd8 {[%emt 0:00:06]} Rxd8 {[%emt 0:00:03]} 21. Nxc6 {[%emt 0:00:01]} Nd5 {[%emt 0:00:03]} 22. Bxd5 {[%emt 0:00:08]} Rxd5 {[%emt 0:00:02]} 23. Qxd5 {[%emt 0:00:05]} h6 {[%emt 0:00:11]} 24. Qd8+ {[%emt 0:00:05]} Qxd8 {[%emt 0:00:02]} 25. Nxd8 {[%emt 0:00:00]} f5 {[%emt 0:00:03]} 26. Rd1 {[%emt 0:00:01]} e5 {[%emt 0:00:02]} 27. Rd7 {[%emt 0:00:03]} a5 {[%emt 0:00:03]} 28. Ne6 {[%emt 0:00:01]} g5 {[%emt 0:00:05]} 29. Rb7 {[%emt 0:00:06]} b5 {[%emt 0:00:05]} 30. Kf1 {[%emt 0:00:02]} b4 {[%emt 0:00:02]} 31. Ke2 {[%emt 0:00:01]} f4 {[%emt 0:00:02]} 32. Kd3 {[%emt 0:00:01]} e4+ {[%emt 0:00:01]} 33. Kxe4 {[%emt 0:00:01] BOODWUTCHER resigns (Lag: Av=0.53s, max=1.0s)} 1-0